Представление документа в формате MARC21

Поле Инд. ПП Название Значение
Тип записи a
Библиографический уровень b
001 Контрольный номер RU/IS/BASE/113056617
005 Дата корректировки 20200601191445.4
084 a Индекс другой классификации/Индекс ББК 60.001(4Ита)43
a Индекс другой классификации/Индекс ББК 60.032.33
a Индекс другой классификации/Индекс ББК 66.1(0)4
100 1_ a Автор Самсонова Т. Н.
245 a Заглавие Проблема равенства в утопическом коммунизме XVI - начала XVII в.
500 a Примечание Начало см.: Вестн. Моск. ун-та. Сер.18. - Социология и политология. - 2003. - № 1
504 a Библиография Библиогр. ссылки. - Примеч.
600 a Персоналии Кампанелла Томмазо
650 a Основная рубрика история политических учений
a Основная рубрика история философии
a Основная рубрика политика
a Основная рубрика социальная философия
a Основная рубрика философия
653 a Ключевые слова "Город Солнца"
a Ключевые слова XVI век
a Ключевые слова государственное управление
a Ключевые слова государство
a Ключевые слова гражданские ценности
a Ключевые слова гуманизм
a Ключевые слова гуманисты
a Ключевые слова история социальной философии
a Ключевые слова Италия
a Ключевые слова общественное устройство
a Ключевые слова общественные отношения
a Ключевые слова политическая философия (философия политики)
a Ключевые слова политические учения
a Ключевые слова потребности личности
a Ключевые слова равенство
a Ключевые слова разделение труда
a Ключевые слова распределение благ
a Ключевые слова совершенное государство
a Ключевые слова утопизм
a Ключевые слова утопическое государство
a Ключевые слова утопия
773 t Заглавие источника Вестник Московского университета. Серия 18, Социология и политология
d Дата издания источника 2003
g Прочая информация № 2. - С. 127 - 139
w Контрольный № источника RU/IS/BASE/111079824
901 t Тип документа b